000 01258nam a2200349Ia 4500
001 Z_6596
003 CHAP
005 20230922150746.0
008 220113s2013 xx 000 0 und d
010 _a169867
040 _cCHAP
090 _aTesis L67 2337
100 _aLópez Ortíz, Rafael
_9125927
245 _aCompotamiento productivo de "Maralfalfa" (Pennisetum sp.) a diferentes días de cosecha /
_cRafael López Ortíz
260 _aMéxico :
_bEl autor,
_c2013
300 _a45 p.
502 _aTesis (Ingeniero Agrónomo Especialista en Zootecnia) -- UACh, 2013 \ Dirección: Sergio Iban Mendoza Pedroza; asesoría: Carlos F. Marcof Alvarez y Jesús Miguel Calzada Marín
650 _aComposición morfológica
_9144329
650 _aForraje
_9137922
650 _aMaralfalfa
_9145309
650 _aRadiación interceptada
_9145310
650 _aRendimiento
_9143245
700 _a Calzada Marín, Jesús Miguel, asesor
_9145266
700 _a Marcof Alvarez, Carlos F., asesor
_9145311
700 _aMendoza Pedroza, Sergio Iban, director
_9145221
856 4 2 _uhttp://10.13.5.2/tesis/sist108865.pdf
_yDescargar PDF
901 _aTESIS L67 2337
902 _aA
910 _a2013
942 _c2
_2ddc
942 _c2
_2ddc
999 _c169867
_d169867